| 000 | 00735nam a22002535a 4500 | ||
|---|---|---|---|
| 001 | 16430516 | ||
| 005 | 20170105102349.0 | ||
| 008 | 100824s2010 inu 000 0 eng | ||
| 010 | _a 2010935565 | ||
| 020 | _a9780470643839 (pbk : alk. paper) | ||
| 020 | _a0470643838 (pbk : alk. paper) | ||
| 040 |
_aDLC _cDLC |
||
| 042 | _apcc | ||
| 082 | _a 004.682 | ||
| 100 | 1 | _aMann, Steven L. | |
| 245 | 1 | 0 |
_aMicrosoft sharepoint server 2010 bible _cSteven Mann, Wynne Leon, Todd Bleeker. |
| 260 |
_aIndianapolis, IN : _bWiley Pub., Inc, _c2010. |
||
| 263 | _a1009 | ||
| 300 |
_axx, 796p. : _c26 cm |
||
| 600 | _2Web servers | ||
| 906 |
_a0 _bibc _corignew _d2 _eepcn _f20 _gy-gencatlg |
||
| 942 |
_2ddc _cBK |
||
| 999 |
_c11829 _d11829 |
||